| 000 | 00000nam##2200000za#4500 |
| 001 | 9.531377 |
| 003 | CaOODSP |
| 005 | 20220328113237 |
| 007 | ta |
| 008 | 150406|1998||||xxc||||| f|0| 0 fre|d |
| 020 | |a0-662-63956-1 |
| 040 | |aCaOODSP|bfre |
| 041 | |aeng |
| 041 | |afre |
| 043 | |an-cn--- |
| 086 | 1 |aC21-27/3-1998-2 |
| 110 | 1 |aCanada. |bIndustrie Canada. |
| 245 | 10|aRéactions individuelles à l'évolution du marché du travail au Canada / |cpar Paul Beaudry et David A. Green. |
| 260 | |aOttawa - Ontario : |bIndustrie Canada |c1998. |
| 300 | |aTexte français, 94p. : |bgraphiques, références, tableaux ; |c23 cm. |
| 490 | 1 |aLe Canada au XXIe siècle. III. Relever le défi|vNo. 9 |
| 546 | |aBilingue |
| 563 | |aCouverture souple |
| 590 | |a99-43|b1999-10-29 |
| 691 | 07|aMarché du travail|2gcpds |
| 691 | 07|aJeune adulte|2gcpds |
| 720 | 1 |aBeaudry, Paul |
| 720 | 1 |aGreen, David A. |
| 776 | 0#|tIndividual responses to changes in the Canadian labour market / |w(CaOODSP)9.571956 |
| 776 | 0#|tRéactions individuelles à l'évolution du marché du travail au Canada / |w(CaOODSP)9.602376 |
| 791 | |tIndividual responses to changes in the Canadian labour market / |eeng|w(CaOODSP)9.531376 |
| 830 | #0|aLe Canada au XXIe siècle. III. Relever le défi ;|vNo. 9|w(CaOODSP)9.509067 |